000 00778 a2200217 4500
001 30254
005 20260407155614.0
008 260407a1998 arg spa d
003 AR-UNSa-BCEJYS
040 _aAR-UNSa-BCEJYS
_bspa
_cAR-UNSa-BCEJYS
080 _a311.3
_xOrganización general de las estadisticas. Estadística oficial
245 1 0 _aSinopsis estadística
_nStatistical Synopsis
_p1998
020 _a950-896-177-5
264 1 _aBuenos Aires :
_bINDEC
_c1998
300 _a53 p.
_c21 cm.
041 _aspa
942 _cBK
590 _aniveau_biblio:m niveau_hierar:0
100 1 _aInstituto Nacional de Estadística y Censos (INDEC)
856 4 1 _uhttps://biblioeco.unsa.edu.ar/pmb/images/revistas/Sinopsis Estadistica 1998-d00017.jpg
_yImagen de portada
_qimage/jpeg
999 _c2072
_d2072